000 006080000a22002050004500
003 LK-CoMWRAF
005 20230924182431.0
008 230817t ||||| |||| 00| 0 eng d
040 _aLK-CoMWRAF
_dLK-CoMWRAF
_eLK-CoMWRAF
041 _aeng
082 _a297.26
_bAKH
100 _aAkhtar, Hanif
245 _aThe Islamic concept of knowledge :
_bPart I
260 _aLahore (Pakistan) :
_bMaktaba Qadiria Jami'a Rizviya
300 _a74p
650 _aDifferences of Knowledge
650 _aImportance of the Faith in the Knowledge of the Unseen
650 _aKnowledge of the Messenger
942 _cBK
999 _c1538
_d1538